| 000 | 012970000a22002050004500 | ||
|---|---|---|---|
| 020 | _a987-21897-3-0 | ||
| 082 | 0 | 4 | _aG 111.84 B917i |
| 245 | 1 | 0 | _aImágenes del bien y del mal / Martin Buber ; traducción de Mónica Sifrim, Abraham Huberman y Marcelo Burello |
| 260 | _aBuenos Aires : Ediciones Lilmod | ||
| 300 | _a256 p. | ||
| 440 | 0 | _aColeccion estudios y reflexiones ; v. 5 | |
| 500 | _aIncluye referencias bibliográficas e índice \ Título original: Bilder von gut un bose | ||
| 505 | 0 | 0 | _aEnsayos sobre el judaísmo -- La fe del judaísmo -- El hombre de hoy y la Biblia judía -- La pregunta silenciosa -- Los dos focos del alma judía -- El judaísmo y el hombre moderno -- El camino del hombre según las enseñanzas de judaísmo -- Spinoza, Sabati Sevi y el Baal Shem Tov -- El bien y el mal: dos interpretaciones -- Imágenes del bien y del mal -- Lo correcto y lo incorrecto: interpretación de algunos salmos -- Epílogo: Martin Buber: una alternativa para nuestra época |
| 650 | 1 | 4 | _aETICA - JUDAISMO \ JUDAISMO - FILOSOFIA - SIGLO XX \ BIEN Y MAL \ FE \ JUDAISMO \ FILOSOFIA DE LA RELIGION \ FILOSOFIA MODERNA - SIGLO XX |
| 001 | 13232 | ||
| 942 | _cBK | ||
| 999 |
_c42219 _d42219 |
||
| 336 |
_atexto _btxt _2rdacontent |
||
| 337 |
_2rdamedia _asin mediación _bn |
||
| 338 |
_2rdacarrier _avolumen _bnc |
||